Catálogo
 En Linea

Contabilidad para la inflación : (Registro nro. 19401)

Detalles MARC
000 -CABECERA
campo de control de longitud fija 00800nam a2200229 a 4500
001 - NÚMERO DE CONTROL
campo de control 000019888
005 - FECHA Y HORA DE LA ÚLTIMA TRANSACCIÓN
campo de control 20200929170158.0
008 - DATOS DE LONGITUD FIJA--INFORMACIÓN GENERAL
campo de control de longitud fija 100708s1978 mx a r 000 0 spa d
020 ## - NÚMERO INTERNACIONAL ESTÁNDAR DEL LIBRO
Número Internacional Estándar del Libro 9682600073
040 ## - FUENTE DE LA CATALOGACIÓN
Centro catalogador/agencia de origen DO-SdBNP
Lengua de catalogación spa
Centro/agencia transcriptor BNPHU
082 ## - NÚMERO DE LA CLASIFICACIÓN DECIMAL DEWEY
Número de clasificación xxx
Número de documento/Ítem D252c
049 ## - FONDOS LOCALES (OCLC)
Fondos de biblioteca BNGR
100 1# - ENTRADA PRINCIPAL--NOMBRE DE PERSONA
Nombre de persona Davidson, Sidney
9 (RLIN) 42425
245 10 - MENCIÓN DE TÍTULO
Título Contabilidad para la inflación :
Resto del título guía para el contador y analisis financiero /
Mención de responsabilidad, etc. Sidney Davidson , Clyde P. Stickney , Roman L. Weil.
250 ## - MENCIÓN DE EDICIÓN
Mención de edición 2a reimp.
260 ## - PUBLICACIÓN, DISTRIBUCIÓN, ETC.
Lugar de publicación, distribución, etc. México D. F. :
Nombre del editor, distribuidor, etc. Editorial Continental,
Fecha de publicación, distribución, etc. 1978.
300 ## - DESCRIPCIÓN FÍSICA
Extensión 272 p. :
Otras características físicas il. ;
Dimensiones 23 cm.
500 ## - NOTA GENERAL
Nota general Incluye información biográfica de los autores en la contracubierta.
500 ## - NOTA GENERAL
Nota general Incluye índice alfabético.
700 1# - PUNTO DE ACCESO ADICIONAL--NOMBRE DE PERSONA
Nombre de persona Stickeny, Clyde
9 (RLIN) 42426
700 1# - PUNTO DE ACCESO ADICIONAL--NOMBRE DE PERSONA
Nombre de persona Weil, Roman L.
9 (RLIN) 42427
Existencias
Estado de retiro Estado de pérdida Restricciones de uso No para préstamo Código de colección Localización permanente Ubicación/localización actual Ubicación en estantería Fecha de adquisición Número de inventario Total de préstamos Signatura topográfica completa Código de barras Fecha visto por última vez Precio válido a partir de Tipo de ítem Koha
        Monografías: Libros y Folletos General General En catalogación 08.07.2010 LF1   xxx D252c 19888-10 25.06.2020 25.06.2020 Préstamo en sala

Con tecnología Koha